|
|
|
|
| LEADER |
00640cam a2200217 a 4500 |
| 001 |
0000052719 |
| 005 |
20010514090000.0 |
| 040 |
|
|
|a mod
|
| 041 |
|
|
|a eng
|
| 020 |
0 |
0 |
|a 0133765911
|
| 090 |
0 |
0 |
|a 658
|b GRI
|c f
|
| 100 |
1 |
0 |
|a Griffin
|h Ricky W
|
| 245 |
1 |
0 |
|a Business
|c Ricky W. Griffin, Ronald J. Ebert
|
| 250 |
0 |
0 |
|a 4th ed
|
| 260 |
0 |
0 |
|a Englewood Cliffs, New Jersey
|b Prentice-Hall
|c 1996
|
| 300 |
0 |
0 |
|a xxxiii, 25p.
|b ill.
|c 27cm
|
| 500 |
0 |
0 |
|a Includes indexs
|
| 650 |
0 |
0 |
|a Business enterprises
|z United States
|
| 650 |
0 |
0 |
|a Industrial management
|z United States
|
| 700 |
1 |
1 |
|a Ebert
|h Ronald J
|
| 999 |
|
|
|a 0177501
|b KTD
|d BOOKS
|e Umum
|f KTD
|j AVAILABLE
|q GOOD CONDITION
|